Statistiques concernant Futur - Booba

Cliquez ici pour prendre le quiz!

Statistiques générales

  • Ce quiz a été pris 30 fois
  • Le résultat moyen est 8 sur 16

Statistiques - réponses

Titres% Correct
8 - (ft. Kaaris)Kalash
96%
16Futur
88%
13 - (ft. Gato)Rolex
64%
1G5 - Intro
60%
3Wesh Morray
60%
7Caramel
48%
12Maître Yoda
48%
2Maki Sall Music
48%
10 - (ft. Mala)O.G
48%
5 - (ft. 2 Chainz)C'est la vie
44%
6Pirates
44%
152PAC
40%
4Tombé pour elle
40%
11Jimmy
28%
9 - (ft. Rick Ross)1.8.7
24%
14Tout c'que j'ai
24%

Distribution des résultats

Percentile par nombre de réponses

% des personnes avec chaque résultat

Votre développement - résultats

Vous n’avez pas pris ce quiz